[Event "Vojvodina-chT"]
[Site "Kac"]
[Date "2016.11.20"]
[Round "8.3"]
[White "Azaric, Slavko"]
[Black "Vujovic, Milorad M"]
[Result "1-0"]
[WhiteElo "2283"]
[BlackElo "2069"]
[PlyCount "99"]
[EventDate "2016.11.15"]
[EventType "team-tourn"]
[EventRounds "11"]
[EventCountry "SRB"]
[SourceTitle "CBM 175 Extra"]
[Source "ChessBase"]
[SourceDate "2016.12.12"]
[SourceVersion "1"]
[SourceVersionDate "2016.12.12"]
[SourceQuality "1"]
[WhiteTeam "Banovci Dunav"]
[BlackTeam "Bilecanin"]
[WhiteTeamCountry "SRB"]
[BlackTeamCountry "SRB"]

1. e4 c6 2. d3 d5 3. Nf3 dxe4 4. dxe4 Qxd1+ 5. Kxd1 Bg4 6. Be2 Nd7 7. Nfd2 Bxe2+ 8. Kxe2 e5 9. Nb3 0-0-0 10. Be3 b6 11. a4 Nb8 12. a5 Kb7 13. axb6 axb6 14. N1d2 Bd6 15. Nc4 Bc7 16. Nc1 Ne7 17. Nd3 f6 18. b4 Nd7 19. b5 c5 20. Rhd1 Ra8 21. Rxa8 Rxa8 22. Nf4 Nf8 23. Nh5 Ne6 24. Rd7 Nc8 25. Nxg7 Nxg7 26. Rxg7 Ra4 27. Kd3 Rb4 28. Rxh7 Rxb5 29. Rf7 Rb1 30. Rxf6 b5 31. Nd2 c4+ 32. Ke2 Rb2 33. Kd1 Nd6 34. Bc5 Kc6 35. Ba3 Ra2 36. Bb4 Ra1+ 37. Ke2 Rc1 38. c3 Kd7 39. h4 Rc2 40. f3 Nb7 41. Rf7+ Kc6 42. h5 Ba5 43. Kd1 Ra2 44. h6 Bxb4 45. h7 Ra1+ 46. Kc2 Rh1 47. cxb4 Nd6 48. Re7 Rh2 49. Nf1 Rh5 50. g4 1-0

[Event "Vojvodina-chT"]
[Site "Kac"]
[Date "2016.11.19"]
[Round "6.3"]
[White "Savanovic, Vuk"]
[Black "Vujovic, Milorad M"]
[Result "1-0"]
[WhiteElo "2284"]
[BlackElo "2069"]
[PlyCount "89"]
[EventDate "2016.11.15"]
[EventType "team-tourn"]
[EventRounds "11"]
[EventCountry "SRB"]
[SourceTitle "CBM 175 Extra"]
[Source "ChessBase"]
[SourceDate "2016.12.12"]
[SourceVersion "1"]
[SourceVersionDate "2016.12.12"]
[SourceQuality "1"]
[WhiteTeam "Vojvodina"]
[BlackTeam "Bilecanin"]
[WhiteTeamCountry "SRB"]
[BlackTeamCountry "SRB"]

1. e4 c6 2. d4 d5 3. Nc3 dxe4 4. Nxe4 Bf5 5. Ng3 Bg6 6. h4 h6 7. Nf3 Nd7 8. Bd3 Bxd3 9. Qxd3 Ngf6 10. Bd2 e6 11. 0-0-0 Bd6 12. Ne4 Nxe4 13. Qxe4 Nf6 14. Qe2 Qc7 15. Kb1 0-0-0 16. c4 c5 17. Bc3 Rhe8 18. dxc5 Qxc5 19. Ne5 Bxe5 20. Bxe5 Rxd1+ 21. Rxd1 Rd8 22. Rxd8+ Kxd8 23. Qd3+ Ke7 24. Qd4 Qxd4 25. Bxd4 a6 26. Kc2 g6 27. Kd3 Nd7 28. Be3 h5 29. c5 e5 30. Kc4 Ke6 31. b4 f5 32. a4 f4 33. Bd2 Kf5 34. b5 axb5+ 35. Kxb5 e4 36. c6 bxc6+ 37. Kxc6 Ne5+ 38. Kd5 Nd3 39. a5 Nxf2 40. a6 e3 41. Ba5 Nd3 42. a7 e2 43. a8Q e1Q 44. Bxe1 Nxe1 45. Qc8+ 1-0

[Event "Vojvodina-chT"]
[Site "Kac"]
[Date "2016.11.17"]
[Round "4.1"]
[White "Csonka, Balazs"]
[Black "Vujovic, Milorad M"]
[Result "1-0"]
[WhiteElo "2398"]
[BlackElo "2069"]
[PlyCount "79"]
[EventDate "2016.11.15"]
[EventType "team-tourn"]
[EventRounds "11"]
[EventCountry "SRB"]
[SourceTitle "CBM 175 Extra"]
[Source "ChessBase"]
[SourceDate "2016.12.12"]
[SourceVersion "1"]
[SourceVersionDate "2016.12.12"]
[SourceQuality "1"]
[WhiteTeam "Senta"]
[BlackTeam "Bilecanin"]
[WhiteTeamCountry "SRB"]
[BlackTeamCountry "SRB"]

1. d4 Nf6 2. c4 g6 3. Nc3 d5 4. Nf3 Bg7 5. h4 c6 6. Bg5 h6 7. Bxf6 Bxf6 8. e3 e6 9. Qc2 h5 10. 0-0-0 Nd7 11. e4 Nb6 12. c5 Nd7 13. Bd3 b6 14. cxb6 Nxb6 15. Kb1 Bb7 16. Ne2 Rc8 17. Nf4 dxe4 18. Bxe4 Nd5 19. Nd3 Qe7 20. Nc5 0-0 21. Bxg6 fxg6 22. Qxg6+ Qg7 23. Qxg7+ Bxg7 24. Nxb7 Rb8 25. Nc5 Nc3+ 26. Kc2 Nxd1 27. Rxd1 Rbe8 28. Re1 Rf6 29. Re2 Rxf3 30. gxf3 Bxd4 31. Nxe6 Bxf2 32. Rxf2 Rxe6 33. Rg2+ Kh7 34. Rg5 Re2+ 35. Kc1 Kh6 36. Rc5 Re6 37. Kd2 Kg6 38. b4 Kh6 39. Ra5 Re7 40. Ra6 1-0

[Event "Vojvodina-chT"]
[Site "Kac"]
[Date "2016.11.15"]
[Round "1.1"]
[White "Drazic, Sinisa"]
[Black "Vujovic, Milorad M"]
[Result "1-0"]
[WhiteElo "2415"]
[BlackElo "2069"]
[PlyCount "67"]
[EventDate "2016.11.15"]
[EventType "team-tourn"]
[EventRounds "11"]
[EventCountry "SRB"]
[SourceTitle "CBM 175 Extra"]
[Source "ChessBase"]
[SourceDate "2016.12.12"]
[SourceVersion "1"]
[SourceVersionDate "2016.12.12"]
[SourceQuality "1"]
[WhiteTeam "Omladinac"]
[BlackTeam "Bilecanin"]
[WhiteTeamCountry "SRB"]
[BlackTeamCountry "SRB"]

1. e4 c6 2. d4 d5 3. Nd2 dxe4 4. Nxe4 Nf6 5. Nxf6+ exf6 6. c3 Bf5 7. Ne2 Bd6 8. Ng3 Bg6 9. h4 h6 10. h5 Bh7 11. Qg4 Rg8 12. Nf5 Bxf5 13. Qxf5 Qe7+ 14. Be3 Nd7 15. Bc4 0-0-0 16. 0-0-0 Kb8 17. Rhe1 Nb6 18. Bb3 Qd7 19. Qf3 Rge8 20. g3 Bc7 21. Bd2 Rxe1 22. Rxe1 c5 23. Be3 cxd4 24. Bxd4 Re8 25. Rxe8+ Qxe8 26. Kc2 Qe7 27. Qg4 Be5 28. Be3 f5 29. Qxf5 f6 30. Qe4 Qd7 31. a4 Nc8 32. Qg6 Nd6 33. Qd3 Qf5 34. f4 1-0